| 000 | 00525nam a22001817a 4500 | ||
|---|---|---|---|
| 005 | 20241212152721.0 | ||
| 010 | _aENG-143028 | ||
| 020 | _c300.00 | ||
| 035 | _aEN-126560 | ||
| 037 | _bDBAD | ||
| 082 |
_a333.7 _21 |
||
| 245 |
_aIllustrated Dictionary Of Ecology/ _c Edited By Global Publishers |
||
| 250 | _aFirst | ||
| 260 |
_a Shahdra _bGlobal Publishers _c2011 |
||
| 270 |
_a485-A/3, 2th floor, Bhola Nath Nagar _bShahdra _e110032 |
||
| 300 |
_a232p. _c22cm(hbk) |
||
| 942 |
_2ddc _cEN _h333.7 _mILL _e1 |
||
| 999 |
_c207654 _d207654 |
||